000
00309nam a2200109Ia 4500
008
201217s9999 xx 000 0 und d
100
_a
Rao, T. V. [et al.]
245
0
_a
Alternative Approaches and Strategies of Human Resources Development
260
_a
Jaipur
_b
Rawat Publications
300
_a
405
942
_c
BK
999
_c
7790
_d
7790